000
00310nam a22001457a 4500
020
_a
978-81-8477-971-4
082
_a
001
_b
AGE/A
100
_a
AGE ROBIN
245
_a
AWESOME INDIA
260
_a
LONDON
_b
SCHOLASTIC
300
_a
166
520
_a
SCIENCE QUIZ
650
_a
SCIENCE QUIZ
_z
LONDON
942
_c
BK
999
_c
6018
_d
6018